Odmeňovanie v podniku SMZ, a.s. Jelšava bakalárska práca

Guardado en:
Detalles Bibliográficos
Autor principal: Kováč, Ľubomír
Autor Corporativo: Fakulta podnikového manažmentu EU. Katedra podnikovohospodárska
Otros Autores: Rybárová, Daniela, 1967-
Formato: Libro
Lenguaje:eslovaco
Publicado: Bratislava 2009
Etiquetas: Agregar Etiqueta
Sin Etiquetas, Sea el primero en etiquetar este registro!

MARC

LEADER 00000nam$a2200000$$$4500
001 0102003
005 20240319130207.9
041 0 |a slo 
044 |a SK 
245 1 0 |a Odmeňovanie v podniku SMZ, a.s. Jelšava  |b bakalárska práca  |c Ľubomír Kováč ; škol. Daniela Rybárová 
264 1 |a Bratislava  |c 2009 
300 |a 40 s. 
100 1 |a Kováč, Ľubomír 
700 1 |a Rybárová, Daniela, 1967- 
710 2 |a Fakulta podnikového manažmentu EU. Katedra podnikovohospodárska